[Event "Irena Warakomska Memorial A"]
[Site "Suwalki"]
[Date "2020.08.13"]
[Round "9"]
[White "Backiel, Hubert"]
[Black "Janik, Igor"]
[Result "0-1"]
[Board "2"]
[WhiteElo "1943"]
[WhiteCountry "POL"]
[WhiteFideId "21838631"]
[WhiteEloChange "-2"]
[BlackElo "2471"]
[BlackTitle "IM"]
[BlackCountry "POL"]
[BlackFideId "1159259"]
[BlackEloChange "1"]

1. e4 {[%clk 1:30:59]} Nf6 {[%clk 1:30:55]} 2. e5 {[%clk 1:31:15]} Nd5 {[%clk
1:31:15]} 3. d4 {[%clk 1:31:25]} d6 {[%clk 1:31:27]} 4. Nf3 {[%clk 1:31:34]} g6
{[%clk 1:31:25]} 5. Bc4 {[%clk 1:28:45]} Nb6 {[%clk 1:31:43]} 6. Bb3 {[%clk
1:29:01]} Bg7 {[%clk 1:31:36]} 7. exd6 {[%clk 1:28:21]} cxd6 {[%clk 1:31:51]} 8.
O-O {[%clk 1:28:24]} O-O {[%clk 1:32:14]} 9. Re1 {[%clk 1:23:34]} Nc6 {[%clk
1:32:24]} 10. c3 {[%clk 1:22:22]} Qc7 {[%clk 1:29:12]} 11. d5 {[%clk 1:09:37]}
Ne5 {[%clk 1:25:39]} 12. Nbd2 {[%clk 1:08:14]} Nd3 {[%clk 1:24:57]} 13. Re3
{[%clk 1:02:44]} Nxc1 {[%clk 1:24:50]} 14. Rxc1 {[%clk 1:02:59]} Re8 {[%clk
1:24:06]} 15. Nd4 {[%clk 0:39:47]} Bd7 {[%clk 1:20:27]} 16. Qe1 {[%clk 0:28:56]}
a5 {[%clk 1:18:38]} 17. a3 {[%clk 0:36:33]} a4 {[%clk 1:19:03]} 18. Ba2 {[%clk
0:36:53]} Ra5 {[%clk 1:16:06]} 19. Rd1 {[%clk 0:27:11]} Bg4 {[%clk 1:10:41]} 20.
f3 {[%clk 0:21:29]} Bc8 {[%clk 1:11:09]} 21. Qe2 {[%clk 0:18:09]} Bxd4 {[%clk
1:05:02]} 22. cxd4 {[%clk 0:18:27]} Nxd5 {[%clk 1:05:00]} 23. Bxd5 {[%clk
0:18:42]} Rxd5 {[%clk 1:05:31]} 24. Ne4 {[%clk 0:19:11]} Kg7 {[%clk 1:00:51]} 25.
Rc3 {[%clk 0:16:56]} Qa5 {[%clk 0:56:59]} 26. Qc2 {[%clk 0:13:46]} Bd7 {[%clk
0:53:04]} 27. Rc4 {[%clk 0:12:39]} Rh5 {[%clk 0:50:50]} 28. Rb4 {[%clk 0:07:57]}
Rc8 {[%clk 0:45:38]} 29. Nc3 {[%clk 0:07:09]} Rc7 {[%clk 0:38:29]} 30. Qe2 {[%clk
0:06:09]} Qg5 {[%clk 0:29:43]} 31. Ne4 {[%clk 0:05:21]} Qh6 {[%clk 0:26:27]} 32.
g3 {[%clk 0:03:07]} Rc1 {[%clk 0:22:36]} 33. Nc3 {[%clk 0:03:09]} Bc6 {[%clk
0:20:49]} 34. f4 {[%clk 0:02:07]} Rxd1+ {[%clk 0:21:12]} 35. Nxd1 {[%clk
0:02:30]} Ra5 {[%clk 0:16:13]} 36. Ne3 {[%clk 0:02:06]} Qh3 {[%clk 0:13:53]} 37.
d5 {[%clk 0:01:53]} Bxd5 {[%clk 0:13:42]} 38. Nxd5 {[%clk 0:02:16]} Rxd5 {[%clk
0:14:04]} 39. Rxb7 {[%clk 0:02:32]} e6 {[%clk 0:12:45]} 40. Rc7 {[%clk 0:30:29]}
Qf5 {[%clk 0:40:56]} 41. Rc2 {[%clk 0:26:31]} Rd3 {[%clk 0:39:27]} 42. Kg2 {[%clk
0:15:25]} Qd5+ {[%clk 0:39:14]} 43. Kh3 {[%clk 0:15:20]} h5 {[%clk 0:38:29]} 0-1

[Event "Irena Warakomska Memorial A"]
[Site "Suwalki"]
[Date "2020.08.13"]
[Round "9"]
[White "Shilov, Sergej"]
[Black "Mulet, Piotr"]
[Result "1-0"]
[Board "4"]
[WhiteElo "2121"]
[WhiteTitle "FM"]
[WhiteCountry "UKR"]
[WhiteFideId "14101505"]
[WhiteEloChange "13"]
[BlackElo "2217"]
[BlackTitle "FM"]
[BlackCountry "POL"]
[BlackFideId "1106244"]
[BlackEloChange "-13"]

1. d4 {[%clk 1:30:56]} Nf6 {[%clk 1:30:54]} 2. c4 {[%clk 1:30:59]} g6 {[%clk
1:31:19]} 3. g3 {[%clk 1:31:16]} Bg7 {[%clk 1:31:38]} 4. Bg2 {[%clk 1:31:40]} d5
{[%clk 1:32:03]} 5. Nf3 {[%clk 1:29:59]} O-O {[%clk 1:32:21]} 6. cxd5 {[%clk
1:29:09]} Nxd5 {[%clk 1:32:44]} 7. O-O {[%clk 1:28:49]} Nb6 {[%clk 1:32:43]} 8.
Nc3 {[%clk 1:27:30]} Nc6 {[%clk 1:32:39]} 9. e3 {[%clk 1:27:09]} a5 {[%clk
1:31:40]} 10. Na4 {[%clk 1:21:31]} Nxa4 {[%clk 1:28:58]} 11. Qxa4 {[%clk
1:21:33]} e5 {[%clk 1:29:18]} 12. d5 {[%clk 1:16:18]} Ne7 {[%clk 1:14:07]} 13.
Rd1 {[%clk 1:13:20]} Qd6 {[%clk 0:58:58]} 14. e4 {[%clk 1:10:38]} c6 {[%clk
0:56:04]} 15. dxc6 {[%clk 1:04:22]} Qxc6 {[%clk 0:56:29]} 16. Qa3 {[%clk
1:04:34]} Qc7 {[%clk 0:54:50]} 17. Be3 {[%clk 0:59:22]} Nc6 {[%clk 0:55:12]} 18.
Rac1 {[%clk 0:54:47]} Be6 {[%clk 0:51:49]} 19. Bc5 {[%clk 0:51:40]} Rfd8 {[%clk
0:51:47]} 20. Ng5 {[%clk 0:50:06]} Rxd1+ {[%clk 0:48:00]} 21. Rxd1 {[%clk
0:50:09]} Bg4 {[%clk 0:42:02]} 22. f3 {[%clk 0:44:07]} Bc8 {[%clk 0:41:04]} 23.
Qb3 {[%clk 0:42:35]} Nd4 {[%clk 0:32:08]} 24. Bxd4 {[%clk 0:40:53]} exd4 {[%clk
0:32:33]} 25. Bf1 {[%clk 0:41:05]} a4 {[%clk 0:32:55]} 26. Qc4 {[%clk 0:38:10]}
Qe7 {[%clk 0:33:04]} 27. h4 {[%clk 0:37:09]} h6 {[%clk 0:33:12]} 28. Nh3 {[%clk
0:37:20]} Be6 {[%clk 0:33:23]} 29. Qb5 {[%clk 0:37:23]} Bxa2 {[%clk 0:31:52]} 30.
Nf4 {[%clk 0:37:27]} Be5 {[%clk 0:24:25]} 31. Ne2 {[%clk 0:34:32]} Bb3 {[%clk
0:23:48]} 32. Rd2 {[%clk 0:33:54]} Rd8 {[%clk 0:20:49]} 33. f4 {[%clk 0:33:44]}
Bd6 {[%clk 0:21:13]} 34. e5 {[%clk 0:31:25]} Bc5 {[%clk 0:21:36]} 35. Kh2 {[%clk
0:31:27]} b6 {[%clk 0:19:31]} 36. Nc1 {[%clk 0:30:59]} Bd5 {[%clk 0:17:38]} 37.
Qxa4 {[%clk 0:30:46]} Ra8 {[%clk 0:17:59]} 38. Qc2 {[%clk 0:29:44]} Ra1 {[%clk
0:18:13]} 39. Bg2 {[%clk 0:29:50]} Qe6 {[%clk 0:14:07]} 40. Nd3 {[%clk 0:54:29]}
Be7 {[%clk 0:43:37]} 41. f5 {[%clk 0:53:33]} Qd7 {[%clk 0:40:38]} 42. fxg6 {[%clk
0:52:02]} fxg6 {[%clk 0:39:11]} 43. Nf4 {[%clk 0:51:16]} Ra8 {[%clk 0:34:46]} 44.
Ne2 {[%clk 0:51:40]} 1-0

[Event "Irena Warakomska Memorial A"]
[Site "Suwalki"]
[Date "2020.08.13"]
[Round "9"]
[White "Goluch, Piotr"]
[Black "Kucza, Karol"]
[Result "1/2-1/2"]
[Board "5"]
[WhiteElo "2373"]
[WhiteTitle "IM"]
[WhiteCountry "POL"]
[WhiteFideId "1137840"]
[WhiteEloChange "-3"]
[BlackElo "2277"]
[BlackTitle "FM"]
[BlackCountry "POL"]
[BlackFideId "1159755"]
[BlackEloChange "3"]

1. d4 {[%clk 1:30:57]} d5 {[%clk 1:30:52]} 2. c4 {[%clk 1:31:14]} c6 {[%clk
1:31:12]} 3. Nc3 {[%clk 1:31:28]} Nf6 {[%clk 1:31:37]} 4. Nf3 {[%clk 1:31:43]} e6
{[%clk 1:32:02]} 5. Bg5 {[%clk 1:31:52]} h6 {[%clk 1:32:23]} 6. Bxf6 {[%clk
1:32:10]} Qxf6 {[%clk 1:32:47]} 7. e3 {[%clk 1:32:26]} Nd7 {[%clk 1:33:13]} 8.
Bd3 {[%clk 1:32:33]} Bb4 {[%clk 1:33:28]} 9. O-O {[%clk 1:32:37]} O-O {[%clk
1:33:50]} 10. Qc2 {[%clk 1:32:34]} dxc4 {[%clk 1:33:47]} 11. Bxc4 {[%clk
1:32:53]} 1/2-1/2

[Event "Irena Warakomska Memorial A"]
[Site "Suwalki"]
[Date "2020.08.13"]
[Round "9"]
[White "Godzwon, Iwo"]
[Black "Rudzinska, Michalina"]
[Result "1/2-1/2"]
[Board "6"]
[WhiteElo "2347"]
[WhiteTitle "FM"]
[WhiteCountry "POL"]
[WhiteFideId "21802483"]
[WhiteEloChange "-5"]
[BlackElo "2162"]
[BlackTitle "WFM"]
[BlackCountry "POL"]
[BlackFideId "1172883"]
[BlackEloChange "5"]

1. e4 {[%clk 1:30:58]} c5 {[%clk 1:29:38]} 2. Nf3 {[%clk 1:31:26]} e6 {[%clk
1:29:52]} 3. d4 {[%clk 1:31:51]} cxd4 {[%clk 1:30:17]} 4. Nxd4 {[%clk 1:32:16]}
Nc6 {[%clk 1:30:13]} 5. Nc3 {[%clk 1:32:41]} a6 {[%clk 1:30:34]} 6. Be2 {[%clk
1:32:15]} Qc7 {[%clk 1:30:52]} 7. O-O {[%clk 1:30:57]} Nf6 {[%clk 1:31:16]} 8.
Be3 {[%clk 1:31:23]} Bb4 {[%clk 1:31:37]} 9. Nxc6 {[%clk 1:31:49]} bxc6 {[%clk
1:31:34]} 10. f4 {[%clk 1:32:17]} O-O {[%clk 1:21:38]} 11. e5 {[%clk 1:29:51]}
Nd5 {[%clk 1:22:00]} 12. Nxd5 {[%clk 1:28:28]} cxd5 {[%clk 1:22:24]} 13. Qd4
{[%clk 1:22:33]} Rb8 {[%clk 1:21:47]} 14. c4 {[%clk 1:02:03]} dxc4 {[%clk
1:07:43]} 15. Qxc4 {[%clk 0:47:32]} Qxc4 {[%clk 1:05:29]} 16. Bxc4 {[%clk
0:47:59]} d5 {[%clk 1:01:35]} 17. exd6 {[%clk 0:48:24]} Bxd6 {[%clk 1:01:56]} 18.
Rfd1 {[%clk 0:42:09]} Be7 {[%clk 1:00:54]} 19. b3 {[%clk 0:42:02]} Rd8 {[%clk
0:46:22]} 20. Rxd8+ {[%clk 0:40:29]} Bxd8 {[%clk 0:46:37]} 21. Rd1 {[%clk
0:39:31]} Be7 {[%clk 0:45:26]} 22. Be2 {[%clk 0:32:41]} Kf8 {[%clk 0:42:31]} 23.
Rc1 {[%clk 0:31:55]} Bb7 {[%clk 0:34:16]} 24. Bc5 {[%clk 0:31:45]} Bxc5+ {[%clk
0:25:08]} 25. Rxc5 {[%clk 0:32:09]} Rc8 {[%clk 0:24:33]} 26. Rxc8+ {[%clk
0:32:11]} Bxc8 {[%clk 0:24:58]} 27. b4 {[%clk 0:30:38]} Ke7 {[%clk 0:25:00]} 28.
Kf2 {[%clk 0:31:04]} Kd6 {[%clk 0:24:46]} 29. Bc4 {[%clk 0:27:56]} Bb7 {[%clk
0:22:18]} 30. Ke3 {[%clk 0:26:07]} e5 {[%clk 0:14:46]} 31. g3 {[%clk 0:24:49]} f5
{[%clk 0:13:46]} 32. a4 {[%clk 0:23:45]} e4 {[%clk 0:11:50]} 33. Kd4 {[%clk
0:23:51]} Bc6 {[%clk 0:09:20]} 34. b5 {[%clk 0:20:35]} axb5 {[%clk 0:09:45]} 35.
axb5 {[%clk 0:21:03]} Bb7 {[%clk 0:07:18]} 36. Bg8 {[%clk 0:21:20]} h6 {[%clk
0:04:50]} 37. Bh7 {[%clk 0:21:46]} Bc8 {[%clk 0:03:58]} 38. g4 {[%clk 0:15:55]}
fxg4 {[%clk 0:04:11]} 39. Bxe4 {[%clk 0:16:14]} Kc7 {[%clk 0:04:18]} 40. Ke5
{[%clk 0:38:46]} h5 {[%clk 0:33:34]} 41. f5 {[%clk 0:25:12]} 1/2-1/2

[Event "Irena Warakomska Memorial A"]
[Site "Suwalki"]
[Date "2020.08.13"]
[Round "9"]
[White "Praczukowski, Stanislaw"]
[Black "Malaczek, Mateusz"]
[Result "1-0"]
[Board "7"]
[WhiteElo "2109"]
[WhiteCountry "POL"]
[WhiteFideId "1182730"]
[WhiteEloChange "8"]
[BlackElo "2036"]
[BlackCountry "POL"]
[BlackFideId "1170880"]
[BlackEloChange "-8"]

1. e4 {[%clk 1:30:58]} g6 {[%clk 1:29:48]} 2. d4 {[%clk 1:31:05]} Bg7 {[%clk
1:30:12]} 3. Nc3 {[%clk 1:31:26]} d6 {[%clk 1:30:37]} 4. f4 {[%clk 1:31:23]} a6
{[%clk 1:31:00]} 5. Nf3 {[%clk 1:31:35]} b5 {[%clk 1:30:49]} 6. Bd3 {[%clk
1:31:05]} Nd7 {[%clk 1:31:07]} 7. Be3 {[%clk 1:31:17]} Nh6 {[%clk 1:17:05]} 8. e5
{[%clk 1:17:50]} c5 {[%clk 1:16:15]} 9. dxc5 {[%clk 1:09:30]} dxc5 {[%clk
0:45:43]} 10. Qe2 {[%clk 1:00:06]} Bb7 {[%clk 0:42:46]} 11. Be4 {[%clk 0:56:43]}
Bxe4 {[%clk 0:31:49]} 12. Nxe4 {[%clk 0:56:57]} Qc7 {[%clk 0:32:08]} 13. O-O-O
{[%clk 0:47:35]} O-O {[%clk 0:28:44]} 14. h4 {[%clk 0:40:21]} Qc6 {[%clk
0:22:08]} 15. Bf2 {[%clk 0:33:49]} f6 {[%clk 0:19:05]} 16. h5 {[%clk 0:21:58]}
fxe5 {[%clk 0:17:59]} 17. hxg6 {[%clk 0:19:32]} hxg6 {[%clk 0:17:42]} 18. fxe5
{[%clk 0:17:41]} Nxe5 {[%clk 0:15:57]} 19. Nxe5 {[%clk 0:13:45]} Bxe5 {[%clk
0:16:22]} 20. Kb1 {[%clk 0:12:37]} Bg7 {[%clk 0:14:46]} 21. Bxc5 {[%clk 0:05:39]}
Rf4 {[%clk 0:14:36]} 22. Rhe1 {[%clk 0:05:50]} Re8 {[%clk 0:06:32]} 23. Bd4
{[%clk 0:05:08]} e5 {[%clk 0:02:05]} 24. Bc3 {[%clk 0:05:12]} Nf7 {[%clk
0:01:15]} 25. g3 {[%clk 0:05:14]} Rf5 {[%clk 0:01:34]} 26. Qg4 {[%clk 0:05:01]}
Rd8 {[%clk 0:01:28]} 27. Rxd8+ {[%clk 0:04:47]} Nxd8 {[%clk 0:01:54]} 28. Rd1
{[%clk 0:04:14]} Nf7 {[%clk 0:02:10]} 29. a3 {[%clk 0:04:03]} Qc4 {[%clk
0:00:49]} 30. b3 {[%clk 0:03:10]} Qe6 {[%clk 0:00:41]} 31. Kb2 {[%clk 0:03:07]}
Qc6 {[%clk 0:00:36]} 32. Qe2 {[%clk 0:02:14]} Qc7 {[%clk 0:00:37]} 33. Qd3 {[%clk
0:01:49]} Ng5 {[%clk 0:00:38]} 34. Nxg5 {[%clk 0:01:56]} Rxg5 {[%clk 0:01:03]}
35. Qd5+ {[%clk 0:02:22]} 1-0

[Event "Irena Warakomska Memorial A"]
[Site "Suwalki"]
[Date "2020.08.13"]
[Round "9"]
[White "Leskiewicz, Ignacy"]
[Black "Szustakowski, Antoni"]
[Result "1/2-1/2"]
[Board "8"]
[WhiteElo "2190"]
[WhiteCountry "POL"]
[WhiteFideId "1185870"]
[WhiteEloChange "3"]
[BlackElo "2295"]
[BlackTitle "FM"]
[BlackCountry "POL"]
[BlackFideId "1167677"]
[BlackEloChange "-3"]

1. e4 {[%clk 1:30:58]} e6 {[%clk 1:30:56]} 2. d4 {[%clk 1:31:23]} d5 {[%clk
1:31:22]} 3. Nd2 {[%clk 1:31:42]} c5 {[%clk 1:31:48]} 4. exd5 {[%clk 1:32:05]}
Qxd5 {[%clk 1:32:13]} 5. Ngf3 {[%clk 1:32:29]} cxd4 {[%clk 1:32:37]} 6. Bc4
{[%clk 1:32:55]} Qd7 {[%clk 1:33:03]} 7. O-O {[%clk 1:32:18]} Nc6 {[%clk
1:33:28]} 8. Nb3 {[%clk 1:26:58]} Nf6 {[%clk 1:32:41]} 9. Bg5 {[%clk 1:15:45]} a6
{[%clk 1:32:04]} 10. Nbxd4 {[%clk 1:12:39]} Nxd4 {[%clk 1:32:26]} 11. Nxd4 {[%clk
1:06:25]} b5 {[%clk 1:32:02]} 12. Bb3 {[%clk 1:03:46]} Bb7 {[%clk 1:32:23]} 13.
Re1 {[%clk 1:00:16]} Ne4 {[%clk 1:32:46]} 14. Bh4 {[%clk 0:50:52]} g5 {[%clk
1:32:44]} 15. Bg3 {[%clk 0:44:27]} Nxg3 {[%clk 1:33:03]} 16. hxg3 {[%clk
0:37:56]} O-O-O {[%clk 1:32:37]} 17. c3 {[%clk 0:32:19]} h5 {[%clk 1:32:48]} 18.
a4 {[%clk 0:27:03]} h4 {[%clk 1:20:56]} 19. axb5 {[%clk 0:22:15]} axb5 {[%clk
1:18:21]} 20. Ra5 {[%clk 0:08:40]} hxg3 {[%clk 1:14:39]} 21. Rxb5 {[%clk
0:07:06]} gxf2+ {[%clk 1:06:36]} 22. Kxf2 {[%clk 0:07:34]} Rh2 {[%clk 1:06:59]}
23. Qd3 {[%clk 0:04:29]} Rxg2+ {[%clk 1:04:11]} 24. Kf1 {[%clk 0:04:39]} Rd2
{[%clk 1:04:38]} 25. Qc4+ {[%clk 0:02:05]} Qc7 {[%clk 1:04:59]} 26. Qxc7+ {[%clk
0:02:00]} Kxc7 {[%clk 1:05:24]} 27. Rxg5 {[%clk 0:01:34]} Bh6 {[%clk 1:01:09]}
28. Rc5+ {[%clk 0:01:07]} Kd6 {[%clk 0:59:52]} 29. Rh5 {[%clk 0:01:09]} Ba6+
{[%clk 0:49:27]} 30. Nb5+ {[%clk 0:00:57]} Bxb5+ {[%clk 0:49:49]} 31. Rxb5 {[%clk
0:01:16]} Rxb2 {[%clk 0:49:43]} 32. Rd1+ {[%clk 0:01:00]} Rd2 {[%clk 0:50:06]}
33. Rb7 {[%clk 0:00:46]} Rxd1+ {[%clk 0:48:23]} 34. Bxd1 {[%clk 0:01:15]} Ke5
{[%clk 0:48:17]} 35. Bb3 {[%clk 0:01:02]} Kf6 {[%clk 0:48:31]} 36. c4 {[%clk
0:00:51]} Bf8 {[%clk 0:44:54]} 37. Ke2 {[%clk 0:01:11]} Rc8 {[%clk 0:44:41]} 38.
Kd3 {[%clk 0:00:54]} Kg6 {[%clk 0:44:45]} 39. Ba4 {[%clk 0:00:42]} Bc5 {[%clk
0:42:50]} 40. Ke4 {[%clk 0:30:45]} Bd6 {[%clk 1:12:18]} 41. Kd4 {[%clk 0:30:44]}
Bc5+ {[%clk 1:11:48]} 42. Ke4 {[%clk 0:29:30]} 1/2-1/2

[Event "Irena Warakomska Memorial A"]
[Site "Suwalki"]
[Date "2020.08.13"]
[Round "9"]
[White "Bugajski, Robert"]
[Black "Jarocka, Liwia"]
[Result "0-1"]
[Board "9"]
[WhiteElo "2081"]
[WhiteTitle "FM"]
[WhiteCountry "POL"]
[WhiteFideId "1101528"]
[WhiteEloChange "-14"]
[BlackElo "1934"]
[BlackTitle "FM"]
[BlackCountry "POL"]
[BlackFideId "21807558"]
[BlackEloChange "14"]

1. Nf3 {[%clk 1:30:30]} c5 {[%clk 1:29:47]} 2. c4 {[%clk 1:30:09]} Nc6 {[%clk
1:30:11]} 3. Nc3 {[%clk 1:29:12]} g6 {[%clk 1:30:30]} 4. g3 {[%clk 1:28:13]} Bg7
{[%clk 1:30:54]} 5. Bg2 {[%clk 1:28:37]} d6 {[%clk 1:31:16]} 6. O-O {[%clk
1:28:52]} Rb8 {[%clk 1:30:51]} 7. e3 {[%clk 1:28:08]} e5 {[%clk 1:31:11]} 8. d3
{[%clk 1:14:47]} Nge7 {[%clk 1:31:29]} 9. a3 {[%clk 1:11:42]} O-O {[%clk
1:31:01]} 10. Rb1 {[%clk 1:11:55]} a5 {[%clk 1:30:31]} 11. b3 {[%clk 1:05:58]} h6
{[%clk 1:27:29]} 12. Bb2 {[%clk 1:05:19]} Be6 {[%clk 1:24:23]} 13. Qc2 {[%clk
1:05:01]} b6 {[%clk 1:18:45]} 14. Rbd1 {[%clk 1:02:34]} d5 {[%clk 1:03:54]} 15.
Rfe1 {[%clk 0:57:28]} d4 {[%clk 0:53:38]} 16. exd4 {[%clk 0:52:25]} cxd4 {[%clk
0:53:43]} 17. Nb5 {[%clk 0:46:46]} Qd7 {[%clk 0:51:18]} 18. Rd2 {[%clk 0:43:30]}
g5 {[%clk 0:44:00]} 19. Rde2 {[%clk 0:39:03]} Ng6 {[%clk 0:39:26]} 20. Nd2 {[%clk
0:28:44]} Bh3 {[%clk 0:34:45]} 21. Bh1 {[%clk 0:25:58]} Nf4 {[%clk 0:30:12]} 22.
Re4 {[%clk 0:24:43]} f5 {[%clk 0:28:54]} 23. Rxf4 {[%clk 0:23:23]} gxf4 {[%clk
0:29:15]} 24. c5 {[%clk 0:21:49]} fxg3 {[%clk 0:26:50]} 25. hxg3 {[%clk 0:20:22]}
Kh8 {[%clk 0:26:47]} 26. cxb6 {[%clk 0:13:14]} Ne7 {[%clk 0:25:02]} 27. Qc5
{[%clk 0:12:07]} Ng6 {[%clk 0:22:56]} 28. Nc4 {[%clk 0:11:53]} f4 {[%clk
0:21:28]} 29. Qc6 {[%clk 0:09:05]} fxg3 {[%clk 0:21:15]} 30. f4 {[%clk 0:06:02]}
Nxf4 {[%clk 0:19:39]} 31. Be4 {[%clk 0:02:53]} Qxc6 {[%clk 0:18:09]} 32. Bxc6
{[%clk 0:03:20]} Nxd3 {[%clk 0:18:24]} 33. Rd1 {[%clk 0:01:46]} Nxb2 {[%clk
0:18:45]} 34. Nxb2 {[%clk 0:02:11]} Rxb6 {[%clk 0:19:06]} 0-1

[Event "Irena Warakomska Memorial A"]
[Site "Suwalki"]
[Date "2020.08.13"]
[Round "9"]
[White "Rosol, Alexander"]
[Black "Krasiewicz, Robert"]
[Result "0-1"]
[Board "10"]
[WhiteElo "1923"]
[WhiteCountry "AUT"]
[WhiteFideId "1645730"]
[WhiteEloChange "-7"]
[BlackElo "2033"]
[BlackCountry "POL"]
[BlackFideId "1128612"]
[BlackEloChange "7"]

1. e4 {[%clk 1:30:53]} g6 {[%clk 1:27:33]} 2. d4 {[%clk 1:30:56]} Bg7 {[%clk
1:27:51]} 3. Nc3 {[%clk 1:31:14]} d6 {[%clk 1:28:12]} 4. f4 {[%clk 1:31:35]} a6
{[%clk 1:28:40]} 5. Nf3 {[%clk 1:31:56]} b5 {[%clk 1:29:06]} 6. Bd3 {[%clk
1:31:59]} Bb7 {[%clk 1:28:55]} 7. e5 {[%clk 1:31:41]} c5 {[%clk 1:29:11]} 8. dxc5
{[%clk 1:29:38]} dxc5 {[%clk 1:28:44]} 9. Qe2 {[%clk 1:27:32]} Nh6 {[%clk
1:20:14]} 10. Be3 {[%clk 1:24:14]} c4 {[%clk 1:03:18]} 11. Be4 {[%clk 1:24:28]}
Bxe4 {[%clk 1:03:03]} 12. Nxe4 {[%clk 1:24:49]} O-O {[%clk 1:03:16]} 13. O-O
{[%clk 1:24:23]} Nf5 {[%clk 1:01:59]} 14. Rad1 {[%clk 1:21:53]} Qc7 {[%clk
1:02:13]} 15. e6 {[%clk 1:21:01]} Nxe3 {[%clk 0:59:11]} 16. Qxe3 {[%clk 1:20:56]}
f5 {[%clk 0:56:16]} 17. Nc3 {[%clk 1:17:15]} Qa7 {[%clk 0:55:50]} 18. Kf2 {[%clk
1:14:17]} Nc6 {[%clk 0:45:49]} 19. Rd7 {[%clk 1:13:52]} Qxe3+ {[%clk 0:46:14]}
20. Kxe3 {[%clk 1:14:19]} Rfe8 {[%clk 0:46:37]} 21. Nd5 {[%clk 1:09:26]} Ra7
{[%clk 0:43:03]} 22. Rd1 {[%clk 1:04:17]} Bxb2 {[%clk 0:42:19]} 23. c3 {[%clk
0:53:09]} Rea8 {[%clk 0:29:22]} 24. Ne5 {[%clk 0:51:14]} Nxe5 {[%clk 0:27:34]}
25. fxe5 {[%clk 0:51:12]} Ba3 {[%clk 0:26:01]} 26. Kf4 {[%clk 0:50:38]} Bc5
{[%clk 0:23:42]} 27. h4 {[%clk 0:50:12]} h5 {[%clk 0:17:56]} 28. Re1 {[%clk
0:40:51]} Kg7 {[%clk 0:16:15]} 29. Kg5 {[%clk 0:37:54]} a5 {[%clk 0:05:07]} 30.
Nf4 {[%clk 0:36:07]} Ra6 {[%clk 0:04:04]} 31. Nxg6 {[%clk 0:35:07]} Rxe6 {[%clk
0:04:09]} 32. Nf4 {[%clk 0:35:23]} Rc6 {[%clk 0:04:07]} 33. Red1 {[%clk 0:30:15]}
b4 {[%clk 0:03:28]} 34. Rb7 {[%clk 0:29:31]} Rb6 {[%clk 0:01:29]} 35. Nxh5+
{[%clk 0:25:40]} Kf7 {[%clk 0:01:37]} 36. Rxb6 {[%clk 0:24:43]} Bxb6 {[%clk
0:02:05]} 37. Kxf5 {[%clk 0:24:39]} b3 {[%clk 0:01:56]} 38. e6+ {[%clk 0:24:01]}
Kg8 {[%clk 0:02:10]} 39. g4 {[%clk 0:23:03]} Bf2 {[%clk 0:02:04]} 40. g5 {[%clk
0:50:11]} Bxh4 {[%clk 0:32:28]} 41. Kg6 {[%clk 0:50:07]} b2 {[%clk 0:31:42]} 42.
Nf6+ {[%clk 0:47:54]} exf6 {[%clk 0:30:34]} 43. e7 {[%clk 0:48:13]} b1=Q+ {[%clk
0:26:54]} 44. Rxb1 {[%clk 0:48:31]} fxg5 {[%clk 0:27:07]} 45. Rd1 {[%clk
0:46:13]} Ra6+ {[%clk 0:23:44]} 46. Kh5 {[%clk 0:46:32]} Kf7 {[%clk 0:24:10]} 47.
Rd4 {[%clk 0:46:33]} Rc6 {[%clk 0:23:33]} 48. Re4 {[%clk 0:47:01]} Ke8 {[%clk
0:23:55]} 49. Kg4 {[%clk 0:47:29]} a4 {[%clk 0:24:00]} 50. Re5 {[%clk 0:47:38]}
Rc7 {[%clk 0:23:41]} 51. Ra5 {[%clk 0:47:39]} Be1 {[%clk 0:23:39]} 52. Rxa4
{[%clk 0:48:01]} Bxc3 {[%clk 0:23:53]} 53. Kxg5 {[%clk 0:47:58]} Kxe7 {[%clk
0:24:15]} 0-1

[Event "Irena Warakomska Memorial A"]
[Site "Suwalki"]
[Date "2020.08.13"]
[Round "9"]
[White "Rasti, Arvin"]
[Black "Wolanski, Michal"]
[Result "1-0"]
[Board "11"]
[WhiteElo "2269"]
[WhiteCountry "SWE"]
[WhiteFideId "1741160"]
[WhiteEloChange "3"]
[BlackElo "1984"]
[BlackCountry "POL"]
[BlackFideId "1137778"]
[BlackEloChange "-3"]

1. d4 {[%clk 1:30:57]} Nf6 {[%clk 1:30:54]} 2. Nf3 {[%clk 1:31:19]} c5 {[%clk
1:31:09]} 3. d5 {[%clk 1:31:43]} b5 {[%clk 1:31:20]} 4. Bg5 {[%clk 1:32:02]} Qb6
{[%clk 1:31:40]} 5. Bxf6 {[%clk 1:32:12]} Qxf6 {[%clk 1:32:02]} 6. c3 {[%clk
1:32:35]} Qb6 {[%clk 1:31:44]} 7. e4 {[%clk 1:30:42]} d6 {[%clk 1:31:48]} 8. Nbd2
{[%clk 1:30:20]} g6 {[%clk 1:31:14]} 9. a4 {[%clk 1:28:02]} Bd7 {[%clk 1:25:13]}
10. axb5 {[%clk 1:26:49]} Bg7 {[%clk 1:22:21]} 11. Nc4 {[%clk 1:26:30]} Qb7
{[%clk 1:22:00]} 12. Bd3 {[%clk 1:19:27]} O-O {[%clk 1:21:35]} 13. Na5 {[%clk
1:17:50]} Qb6 {[%clk 1:13:32]} 14. Qe2 {[%clk 1:16:13]} e6 {[%clk 1:02:52]} 15.
Nc4 {[%clk 1:14:23]} Qxb5 {[%clk 0:51:16]} 16. Nxd6 {[%clk 1:14:10]} Qb3 {[%clk
0:48:38]} 17. O-O {[%clk 1:10:40]} exd5 {[%clk 0:48:37]} 18. exd5 {[%clk
1:10:18]} Bg4 {[%clk 0:46:59]} 19. Ra3 {[%clk 0:50:15]} Bxf3 {[%clk 0:40:49]} 20.
Rxb3 {[%clk 0:48:10]} Bxe2 {[%clk 0:41:10]} 21. Bxe2 {[%clk 0:48:32]} Nd7 {[%clk
0:41:00]} 22. Rb7 {[%clk 0:48:02]} Nb6 {[%clk 0:35:22]} 23. Ra1 {[%clk 0:41:46]}
Rad8 {[%clk 0:17:33]} 24. Nc4 {[%clk 0:41:35]} Nxd5 {[%clk 0:17:02]} 25. Rbxa7
{[%clk 0:41:36]} Nf4 {[%clk 0:14:56]} 26. Bf3 {[%clk 0:41:11]} Nd3 {[%clk
0:14:27]} 27. Rb7 {[%clk 0:38:04]} Ne5 {[%clk 0:14:06]} 28. Be2 {[%clk 0:38:27]}
Nxc4 {[%clk 0:13:54]} 29. Bxc4 {[%clk 0:38:57]} Rd2 {[%clk 0:08:37]} 30. g3
{[%clk 0:38:36]} h5 {[%clk 0:06:45]} 31. Raa7 {[%clk 0:37:52]} g5 {[%clk
0:04:31]} 32. Bxf7+ {[%clk 0:34:01]} Kh8 {[%clk 0:04:54]} 33. Bc4 {[%clk
0:33:53]} Rd1+ {[%clk 0:03:22]} 34. Kg2 {[%clk 0:34:03]} Rd2 {[%clk 0:03:03]} 35.
Rxg7 {[%clk 0:34:04]} Rfxf2+ {[%clk 0:03:23]} 36. Kg1 {[%clk 0:34:33]} Rg2+
{[%clk 0:03:35]} 37. Kf1 {[%clk 0:34:58]} g4 {[%clk 0:03:39]} 38. Rh7# {[%clk
0:35:17]} 1-0